|
|
|
|
| LEADER |
00000cam a2200000 7i4500 |
| 001 |
0000003290 |
| 005 |
20220105103944.0 |
| 008 |
070718 |
| 020 |
|
|
|a 9832567645
|
| 090 |
0 |
0 |
|a JP
|b MOR ENG (4048)
|
| 100 |
0 |
|
|a Haisson
|
| 245 |
1 |
4 |
|a The woodpecker and the snake
|c Haisson
|
| 260 |
|
|
|a Kuala Lumpur :
|b Pekan Ilmu ,
|c 2005
|
| 440 |
|
|
|a Moral stories for children
|
| 500 |
|
|
|a Children age 4-6 years old (yellow)
|
| 650 |
|
0 |
|a Junior preschool
|x English
|x Languages
|
| 650 |
|
0 |
|a Moral
|
| 999 |
|
|
|a 0000960102
|b Book
|c Children Collection
|e Cawangan Bukit Gambir
|
| 999 |
|
|
|a 0000960103
|b Book
|c Children Collection
|e Cawangan Tmn. Ungku Tun Aminah
|
| 999 |
|
|
|a 0000960104
|b Book
|c Children Collection
|e Perbadanan Perpustakaan Awam Johor
|
| 999 |
|
|
|a 0000960105
|b Book
|c Children Collection
|e Perbadanan Perpustakaan Awam Johor
|
| 999 |
|
|
|a 0000960106
|b Book
|c Children Collection
|e Cawangan Tmn. Ungku Tun Aminah
|
| 999 |
|
|
|a 0000979416
|b Book
|c Children Collection
|e Cawangan Segamat
|
| 999 |
|
|
|a 0000979418
|b Book
|c Children Collection
|e Cawangan Taman Universiti
|
| 999 |
|
|
|a 0000979419
|b Book
|c Children Collection
|e Cawangan Tmn. Ungku Tun Aminah
|
| 999 |
|
|
|a 0000979420
|b Book
|c Children Collection
|e Cawangan Bandar Penawar
|
| 999 |
|
|
|a 0001054160
|b Book
|c Children Collection
|e Cawangan Bukit Gambir
|
| 999 |
|
|
|a 0001054161
|b Book
|c Children Collection
|e Cawangan Pontian
|